000 00693nam a2200229Ia 4500
001 9439
003 GE_BSU
008 181216s||||||||xx |||||||||||||| ||und||
040 _cGE_BSU
080 _a821.353.1–1
100 _aმაჭავარიანი,მუხრან
245 _aარამც და არამც
245 _bლექსები
245 _cრედ. ბეჟან სივსივაძე
260 _aთბილისი
260 _bორიონი
260 _c1993
300 _a113გვ.1ფ.პორტრ.16სმ.
653 _aარამც და არამც
653 _aლექსები
942 _cBK
999 _c42733
_d42733